000 00583cam a2200217ua 4500
001 6358
008 131204n ii |||gr||||Z||||||eng
020 _a81-7096-148-3
040 _cMAIN
082 _a651
245 _aSecretarial practice and company law
_cBy Ashit chakraborti
250 _a1st ed.
260 _aLudhiana:
_bKalyani publishers,
_c1988.
300 _ax239p.
653 _aCommerce
653 _aSecretarial Practice
700 _aChakraborti,Ashit,
_eAuthor.,
700 _aDasgupta,Dipankar,
_eAuthor.
700 _aBhattacharjee,P.K.,
_eAuthor.
942 _cBK
999 _c5509
_d5509